Plagi egipskie - nagła śmierć - Statystyki

Ogólne statystyki
  • Ten quiz został rozwiązany 78 razy
  • Średni wynik to 6 z 10
Answers on the Grid
Answers color-coded by a green-red scale on the quiz's grid according to % correct below.
Bezpłodność
Ciemność
Głuchota
Grad
Kamienie nerkowe
Komary
Łysienie
Manna
Muchy
Oparzenia słoneczne
Plaga krwi
Pomieszanie języków
Pomór bydła
Ślepota
Śmierć pierworodnych
Szarańcza
Tornado
Trzęsienia ziemi
Węże
Wrzody
Żaby
 
Statystyki odpowiedzi
Odpowiedź % Poprawnych
Szarańcza
78%
Żaby
67%
Ciemność
65%
Pomór bydła
65%
Plaga krwi
55%
Muchy
53%
Śmierć pierworodnych
53%
Komary
51%
Grad
41%
Wrzody
39%
Nie znaleziono quizów pasujących do podanych kryteriów
Rozkład punktacji
Procent ludzi z każdym wynikiem
Percentyl według liczby udzielonych odpowiedzi
Twoja historia wyników
Nie rozwiązałeś tego quizu